| 000 | 00948nam a2200229 i 4500 | ||
|---|---|---|---|
| 001 | 52386 | ||
| 003 | ES-MaACL | ||
| 005 | 20250826151340.0 | ||
| 007 | t| | ||
| 008 | 030828s1957 sp ||||1| spa d | ||
| 100 | 1 |
_aDaufí, Lluís. _942811 |
|
| 245 | 1 | 3 |
_aEl sedimento urinario _b: Atlas microfotográfico en microscopia directa y de contraste de fase / _cLuis Daufí Moreso... Francisco Preto Albajés...; prólogo por... A. Fernández Cruz. |
| 260 |
_aBarcelona : _bEd. Científico-Médica, _c1957 ( _fDelriu) |
||
| 300 |
_a110 p., 41 lám. : _bil. ; _c24 cm. |
||
| 490 | 1 | _aMonografias de la Cátedra de Patología general de Barcelona | |
| 650 | 0 | 4 |
_aOrina- _xAnálisis. _915774 |
| 700 | 1 |
_aPreto Albajés, Francisco. _993802 |
|
| 700 | 1 |
_aFernández-Cruz, A., _d1910-1981 _949607 |
|
| 830 | 0 |
_aMonografias de la Cátedra de Patología general de Barcelona _9182389 |
|
| 852 |
_aES-MaACL _jC-12545 _bR.40708 |
||
| 999 |
_c52386 _d52386 |
||